Responses for show #6121 - Monday, April 4, 2011

Christopher Short game 2.

Contestants

Tom Moosbrugger, a library worker from Columbus, Ohio

Ko Otaka, a realtor from Washington, D.C.

Christopher Short, a pub trivia editor from Crawfordsville, Indiana (whose 1-day cash winnings total $21,600)

Jeopardy! Round responses

PLAY STATION
FACE BOOK
HANDHELD
AYE, "PAD"
ONLINE
JEOPARDY PLATFORMS
    $200 6
Dublin

Ko
    $200 11
Hinduism

Ko
    $200 25
binoculars

Tom
    $200 1
Padre

Tom
    $200 16
(Ko: What is Google?)

Craigslist

ChristopherKo
    $200 21
a bullfighting arena

Tom
    $400 7
Kansas

Triple Stumper
    $400 12
Helen of Troy

Christopher
    $400 27
[Alex reads "RIM" as "Research In Motion".]

a BlackBerry

Christopher
    $400 2
paddock

Christopher
    $400 17
Farmville

Christopher
    $400 22
(Tom: What is Hanoi?)

Saigon

KoTom
    $600 8
Grover's Corners

Triple Stumper
    $600 13
about-face

Tom
    $600 28
castanets

Tom
    $600 3
Padmé

Christopher
    $600 18
G-O

Tom
    $1,000 23
(Ko: Um, what is Antarctica?)

Mt. Everest

Ko
    $800 9
Brigadoon

Christopher
    $800 14
(Ko: Who is Mary Magdelene?)
(Christopher: Who is Salome?)
(Tom: Who is Saint Teresa?)

Veronica

ChristopherKoTom
Triple Stumper
    $800 29
a prop

Tom
    $800 4
a padlock

Christopher
    $800 19
WikiLeaks

Tom
    $800 24
Anna Karenina

Christopher
    $1000 10
Cyrano

Tom
    $1000 15
Jack London

Tom
    $1000 30
phasers

Christopher
    $1000 5
Paducah

Christopher
    $1000 20
GoDaddy.com

Tom
    $1000 26
(Alex: Yeah, I don't know why that's funny to me, but it is.)

wing walking

Ko

Scores at the first commercial break (after clue 15):

Christopher Ko Tom
$3,200 -$400 $2,000

Scores at the end of the Jeopardy! Round:

Christopher Ko Tom
$6,000 -$200 $5,800

Double Jeopardy! Round responses

ARCHITECTURE
THE MOGULS & THE MOVIES
POETIC QUESTIONS
NOT WHAT IT SOUNDS LIKE
FOUNTAINS
IN THE DICTIONARY
    $400 1
a Cape Cod

Ko
    $400 16
Universal City

Triple Stumper
    $400 17
"The Raven"

Christopher
    $400 5
Woolf Blitzer

Christopher
    $400 19
Versailles

Tom
    $400 10
berry

Christopher
    $2,000 2
Tudor

Ko
    $800 22
the Warner Brothers

Christopher
    $800 18
Whitman

Tom
    $800 6
civil service

Triple Stumper
    $800 20
Rome

Tom
    $800 11
bashful

Christopher
    $1200 3
(Walter) Gropius

Ko
    $1200 23
Sahara

Triple Stumper
    $1200 26
Eliot

Ko
    $1200 7
blue belle

Christopher
    $1200 21
the Bellagio

Christopher
    $1200 12
(Alex: Correct. For Canterbury.)

canter

Tom
    $1600 4
columns

Christopher
    $1600 24
CinemaScope

Ko
    $2,000 27
(Ko: Uh... who is Wordsworth?)

William Blake

Ko
    $1600 8
razing cane

Christopher
    $1600 29
the Buckingham Fountain

Tom
    $1600 13
(Alex: [*], for Angstrom, yes.)

an A

Tom
    $2000 15
a lantern

Tom
    $2000 25
Marion Davies

Ko
    $2000 28
the nightingale

Tom
    $2000 9
Harte beat

Triple Stumper
    $2000 30
Geneva

Tom
    $2000 14
bagatelle

Triple Stumper

Scores at the end of the Double Jeopardy! Round:

Christopher Ko Tom
$14,400 $6,200 $18,200

[wagering suggestions for these scores]

Final Jeopardy! Round responses

WORLD GEOGRAPHY
(Alex: The largest ocean is the Pacific, the smallest is the Arctic.)
KoWhat are [U.S. Canada Mexi crossed out] India Sri Lanka?
$6,200
ChristopherWhat are Australia, Papua New Guinea, Borneo
$4,000
TomWhat are Australia, Indonesia, and Malaysia
$10,601
Russia, the United States & Canada

Final scores:

Christopher Ko Tom
$10,400 $0 $7,599
2-day champion: $32,000 3rd place: $1,000 2nd place: $2,000

Game dynamics:

Coryat scores:

Christopher Ko Tom
$14,400 $8,000 $18,200
20 R,
1 W
10 R
(including 1 DD),
4 W
(including 2 DDs)
20 R,
2 W

Combined Coryat: $40,600

The J! Archive is created by fans, for fans. The Jeopardy! game show and all elements thereof, including but not limited to copyright and trademark thereto, are the property of Jeopardy Productions, Inc. and are protected under law. This website is not affiliated with, sponsored by, or operated by Jeopardy Productions, Inc. Join the discussion at JBoard.tv.